|
|
|
|
| LEADER |
01171nam a22002657a 4500 |
| 001 |
33929 |
| 003 |
BD-DhAAL |
| 005 |
20181119104433.0 |
| 008 |
181108t2010 bg ||||| |||| 00| 0 ben d |
| 999 |
|
|
|c 40186
|d 40186
|
| 020 |
|
|
|a 98480051049
|
| 040 |
|
|
|a BD-DhAAL
|
| 041 |
|
|
|a ben
|a eng
|
| 082 |
|
|
|2 22
|a 954.9205092
|
| 100 |
|
|
|a সুলতান, আমিনুর রহমান
|9 28785
|
| 245 |
|
|
|a বঙ্গবন্ধু ও বাংলাদেশের মুক্তিযুদ্ধ /
|c আমিনুর রহমান সুলতান
|
| 260 |
|
|
|a ঢাকা :
|b আফসার ব্রাদার্স,
|c ২০১০
|
| 300 |
|
|
|a ১০৩ পৃষ্ঠা ;
|c ২২ সে.মি.
|
| 526 |
|
|
|a AAL
|
| 541 |
|
|
|a Boibazar.com
|e 33929
|
| 600 |
|
|
|a Mujibur Rahman,
|c Sheikh,
|d 1920-1975
|x Political and social views.
|9 28786
|
| 651 |
|
|
|a Bangladesh
|x History
|y Revolution, 1971.
|9 28787
|
| 852 |
|
|
|a Ayesha Abed Library
|c Bangabandhu Corner
|
| 942 |
|
|
|2 ddc
|c BK
|
| 952 |
|
|
|0 0
|1 0
|2 ddc
|4 0
|6 954_920509200000000_SUL
|7 0
|9 64579
|a BRACUL
|b BRACUL
|c BNC
|d 2018-11-01
|e Boibazar.com
|g 132.00
|l 0
|o 954.9205092 SUL
|p 3010033929
|r 2018-11-01
|t 1
|v 132.00
|w 2018-11-01
|y BK
|